000 00224nam a22000857a 4500
008 160712b xxu||||| |||| 00| 0 eng d
100 _92662
_a Srinivasan, H.G
245 _aZoo Duck
260 _aNew Delhi
_bChildren Book Trust
_c2003
999 _c2315
_d2315